000 00578nam a22001457a 4500
999 _c122150
_d122150
005 20210429124302.0
008 210429b ||||| |||| 00| 0 eng d
040 _cPK-LaUMT
082 _aRHC 297.016
_bMAT-F
100 _aMatin Hashmi, Muhammad =
245 _aFehrist makhtotaat (Arabic wa Farsi) = فہرست مخطوطات (عربی و فارسی) مرکز تحقیق دیال سنگھ ٹرسٹ لائبریری /
_cby Muhammad Matin Hashmi = از محمد متین ھاشمی
260 _aLahore :
_bDiyal Singh Trust Library,
_c1975
300 _a242 p.
942 _cBK